The Terrors of the Night / (Record no. 14425)
[ view plain ]
| 000 -LEADER | |
|---|---|
| fixed length control field | 00607nam a22002297a 4500 |
| 001 - CONTROL NUMBER | |
| JCCL Control Number | 14425 |
| 003 - CONTROL NUMBER IDENTIFIER | |
| JCCL marc code | BD-JhCC |
| 005 - DATE AND TIME OF LATEST TRANSACTION | |
| control field | 20251104124348.0 |
| 008 - FIXED-LENGTH DATA ELEMENTS--GENERAL INFORMATION | |
| fixed length control field | 251104b |||||||| |||| 00| 0 eng d |
| 020 ## - INTERNATIONAL STANDARD BOOK NUMBER | |
| International Standard Book Number | 9780141397245 |
| 035 ## - SYSTEM CONTROL NUMBER | |
| system control number | (BD-JhCC) 14425 |
| 040 ## - CATALOGING SOURCE | |
| Original cataloging agency | BD-JhCC |
| Modifying agency | BD-JhCC |
| 041 ## - LANGUAGE CODE | |
| Language code of Book | eng |
| 082 ## - DEWEY DECIMAL CLASSIFICATION NUMBER | |
| DDC Edition number | 23 |
| Classification number | 823.08738 |
| Author mark and Year | NAS |
| 100 ## - MAIN ENTRY--PERSONAL NAME | |
| Personal name | Nashe, Thomas |
| 245 ## - TITLE STATEMENT | |
| Title | The Terrors of the Night / |
| Statement of responsibility, etc | Thomas Nashe |
| 260 ## - PUBLICATION, DISTRIBUTION, ETC. (IMPRINT) | |
| Place of publication, distribution, etc | UK: |
| Name of publisher, distributor, etc | Penguin Little Black Classics, |
| Date of publication, distribution, etc | 2015 |
| 300 ## - PHYSICAL DESCRIPTION | |
| Pagination | 53p.; |
| Dimensions | 17 cm. |
| 490 ## - SERIES STATEMENT | |
| Series statement | Penguin Little Black Classics, |
| Volume number/sequential designation | 30 |
| 650 ## - SUBJECT ADDED ENTRY--TOPICAL TERM | |
| Topical term or geographic name as entry element | Demonic horrors |
| 942 ## - ADDED ENTRY ELEMENTS (KOHA) | |
| Source of classification or shelving scheme | Dewey Decimal Classification |
| Koha item type | Books |
| Source of classification or shelving scheme | Damaged status | Not for loan | Collection code | Home library | Current library | Shelving location | Date of accession | Total Checkouts | Full call number | Barcode | Date last seen | Copy number | Method of acquisition | Koha item type | Currency |
|---|---|---|---|---|---|---|---|---|---|---|---|---|---|---|---|
| Dewey Decimal Classification | Fiction | JCC Rouf Library | JCC Rouf Library | General Stacks | 823.08738 NAS | 20133 | 11/04/2025 | C-1 | Purchase | Books | BDT |